Loading...
| Fine Arts - Other Fine Arts | 0 | 3 | 0 | 0 | 30 | 34 | 60.00 | 0 | 3 |
| Philosophy | 0 | 2 | 0 | 1 | 20 | 92 | 111.50 | 0 | 0 |
| Literature - British Literature | 0 | 2 | 1 | 0 | 15 | 113 | 116.50 | 0 | 0 |
| Literature - American Literature | 0 | 1 | 0 | 0 | 10 | 143 | 143.00 | 0 | 0 |
| Religion | 0 | 1 | 0 | 0 | 10 | 129 | 129.00 | 0 | 0 |
| Science - Other Science | 0 | 1 | 0 | 0 | 10 | 138 | 138.00 | 0 | 0 |
| Mythology | 0 | 1 | 0 | 0 | 10 | 110 | 110.00 | 0 | 0 |
| History - World History | 0 | 1 | 0 | 0 | 10 | 95 | 95.00 | 0 | 1 |
| Science - Biology | 0 | 1 | 0 | 0 | 10 | 111 | 111.00 | 0 | 0 |
| Other | 0 | 1 | 1 | 0 | 5 | 91 | 91.00 | 0 | 1 |
| Literature - World Literature | 0 | 1 | 1 | 0 | 5 | 138 | 138.00 | 0 | 0 |
| Science - Chemistry | 0 | 0 | 0 | 0 | 0 | 0.00 | 0 | 0 | |
| Fine Arts - Painting & Sculpture | 0 | 0 | 0 | 0 | 0 | 0.00 | 0 | 0 | |
| Science - Physics | 0 | 0 | 0 | 0 | 0 | 0.00 | 0 | 0 |